[Event "6. Raiffeisen Open - B"]
[Site "Aschach"]
[Date "1997.12.29"]
[Round "5"]
[White "Szablowski, Pawel"]
[Black "Palmerio, Celestin"]
[Result "1-0"]
[WhiteElo "1800"]
[BlackElo "1889"]
[PlyCount "101"]
[EventDate "1997.??.??"]
[Source "Union Hartkirch"]
[SourceDate "1998.01.01"]

1. e4 e5 2. Nf3 Nc6 3. Bc4 Nf6 4. d4 exd4 5. e5 d5 6. Bb5 Ne4 7. Nxd4 Bd7 8.
Bxc6 bxc6 9. O-O Bc5 10. f3 Ng5 11. Kh1 O-O 12. f4 Ne4 13. Nc3 f5 14. Be3 Bb6
15. Nxe4 fxe4 16. c3 Qe7 17. Qe2 a6 18. Rg1 c5 19. Nb3 Bc6 20. Qf2 Rae8 21.
Nxc5 Qf7 22. Rgf1 Qh5 23. Nb3 Rxe5 24. Bxb6 cxb6 25. Qxb6 Re6 26. Qe3 Rh6 27.
h3 Bd7 28. Rf2 Rhf6 29. Raf1 Bb5 30. Re1 Qh4 31. Nd4 Bd7 32. Ref1 Bg4 33. Kh2
Bd7 34. Qg3 Qh5 35. Qe3 Qh4 36. f5 g6 37. Qf4 Qh5 38. g4 Qh4 39. Qg3 Qxg3+ 40.
Kxg3 g5 41. Re1 h5 42. c4 h4+ 43. Kh2 dxc4 44. Rxe4 Rd6 45. Rc2 Rb8 46. Kg2
Rdb6 47. Ree2 Kf7 48. Kf2 Kf6 49. Nf3 Be8 50. Ne5 Ba4 51. Nxc4 1-0

[Event "6. Raiffeisen Open - B"]
[Site "Aschach"]
[Date "1997.12.30"]
[Round "6"]
[White "Titz, Herbert"]
[Black "Wolfram, Bernd"]
[Result "1-0"]
[WhiteElo "1936"]
[BlackElo "1836"]
[PlyCount "25"]
[EventDate "1997.??.??"]
[Source "Union Hartkirch"]
[SourceDate "1998.01.01"]

1. e4 c5 2. Nf3 Nc6 3. d4 cxd4 4. c3 dxc3 5. Nxc3 g6 6. Bc4 d6 7. O-O Bg4 8.
Bxf7+ Kxf7 9. Ng5+ Ke8 10. Qxg4 Nh6 11. Qh3 Nf7 12. Nd5 Rc8 13. Qe6 1-0

[Event "6. Raiffeisen Open - B"]
[Site "Aschach"]
[Date "1997.12.30"]
[Round "6"]
[White "Honegger, Rudolf"]
[Black "Heuschober, Walter"]
[Result "1-0"]
[WhiteElo "1830"]
[BlackElo "1878"]
[PlyCount "74"]
[EventDate "1997.??.??"]
[Source "Union Hartkirch"]
[SourceDate "1998.01.01"]

1. e4 c6 2. d4 d5 3. exd5 cxd5 4. c4 Nf6 5. Nc3 g6 6. Nf3 Bg7 7. Bg5 dxc4 8.
Bxc4 O-O 9. O-O Bg4 10. Re1 e6 11. h3 Bxf3 12. Qxf3 Nbd7 13. Rad1 Qc7 14. Bb3
a6 15. Bf4 Qd8 16. Qxb7 Qa5 17. Bd6 Rfc8 18. d5 e5 19. Bxe5 Nxe5 20. Rxe5 Bf8
21. Ne4 Ne8 22. Rxe8 Rxe8 23. Nf6+ Kg7 24. Nxe8+ Rxe8 25. Rf1 Re7 26. Qc6 Rc7
27. Qa4 Qd2 28. Qxa6 Bc5 29. g3 Re7 30. Qc4 Bd4 31. Qc2 Qb4 32. Kg2 Qd6 33. Rd1
Qf6 34. Rd2 Re1 35. Bc4 Qb6 36. b3 Bc5 37. Re2 Ra1 1-0

[Event "6. Raiffeisen Open - B"]
[Site "Aschach"]
[Date "1997.12.30"]
[Round "6"]
[White "Pracherstorfer, Christian"]
[Black "Ziegler, Alfons"]
[Result "1-0"]
[WhiteElo "1910"]
[BlackElo "1839"]
[PlyCount "65"]
[EventDate "1997.??.??"]
[Source "Union Hartkirch"]
[SourceDate "1998.01.01"]

1. e4 c5 2. d4 cxd4 3. c3 e6 4. cxd4 d5 5. Nc3 dxe4 6. Nxe4 Bb4+ 7. Nc3 Nf6 8.
Bd3 Nc6 9. Nf3 O-O 10. O-O Ne7 11. Bg5 Ng6 12. a3 Be7 13. Rc1 a6 14. Qe2 b5 15.
Ne5 Bb7 16. Rfd1 Rc8 17. Nxg6 hxg6 18. Bb1 Nh5 19. Bxe7 Qxe7 20. Be4 Bxe4 21.
Nxe4 Rxc1 22. Rxc1 Rd8 23. Qe3 Rd5 24. Nc3 Rd7 25. Ne4 Qd8 26. Ng5 Rxd4 27.
Qxd4 Qxg5 28. Rc8+ Kh7 29. Qd8 Qxd8 30. Rxd8 a5 31. Ra8 b4 32. Rxa5 bxa3 33.
bxa3 1-0

[Event "6. Raiffeisen Open - B"]
[Site "Aschach"]
[Date "1997.12.30"]
[Round "6"]
[White "Flatz, Robert"]
[Black "Szablowski, Pawel"]
[Result "1/2-1/2"]
[WhiteElo "1848"]
[BlackElo "1800"]
[PlyCount "72"]
[EventDate "1997.??.??"]
[Source "Union Hartkirch"]
[SourceDate "1998.01.01"]

1. c4 e5 2. Nc3 Nc6 3. Nf3 d6 4. d4 exd4 5. Nxd4 Nge7 6. Bg5 Nxd4 7. Qxd4 Nc6
8. Qe4+ Be7 9. Nd5 Rb8 10. Nxe7 Nxe7 11. e3 Bf5 12. Qd4 f6 13. Bh4 Nc6 14. Qd2
Qe7 15. Be2 O-O 16. O-O Kh8 17. f3 Rbe8 18. Bf2 Bg6 19. Bd3 Bxd3 20. Qxd3 Ne5
21. Qc3 Qd7 22. e4 a6 23. Rad1 Qc6 24. Rc1 f5 25. exf5 Rxf5 26. Bd4 Rg5 27. b3
Rf8 28. Bxe5 Rxe5 29. Rfe1 Qc5+ 30. Kf1 Rfe8 31. Rxe5 Rxe5 32. Re1 Rxe1+ 33.
Qxe1 Qc6 34. Qe6 h6 35. Qc8+ Kh7 36. Qf5+ Kh8 1/2-1/2

[Event "6. Raiffeisen Open - B"]
[Site "Aschach"]
[Date "1997.12.31"]
[Round "7"]
[White "Szablowski, Pawel"]
[Black "Titz, Herbert"]
[Result "0-1"]
[WhiteElo "1800"]
[BlackElo "1936"]
[PlyCount "40"]
[EventDate "1997.??.??"]
[Source "Union Hartkirch"]
[SourceDate "1998.01.01"]

1. e4 d5 2. exd5 Qxd5 3. Nc3 Qa5 4. d4 c6 5. Nf3 Bf5 6. Be2 e6 7. Bd2 Qc7 8.
O-O Bd6 9. Re1 Nd7 10. Bc4 Nb6 11. Bb3 Ne7 12. h3 O-O 13. Qe2 Bf4 14. Rad1 Rad8
15. Ne4 Bxd2 16. Rxd2 Bxe4 17. Qxe4 Nbd5 18. c4 Nf6 19. Qh4 Nf5 20. Qg5 h6 0-1

[Event "6. Raiffeisen Open - B"]
[Site "Aschach"]
[Date "1997.12.31"]
[Round "7"]
[White "Bumberger, Emerich"]
[Black "Honegger, Rudolf"]
[Result "0-1"]
[WhiteElo "1882"]
[BlackElo "1830"]
[PlyCount "72"]
[EventDate "1997.??.??"]
[Source "Union Hartkirch"]
[SourceDate "1998.01.01"]

1. d4 Nf6 2. f3 g6 3. e4 d6 4. Be3 Bg7 5. c3 O-O 6. Bd3 Nbd7 7. Ne2 b6 8. Na3
Bb7 9. Qd2 a6 10. g4 c5 11. g5 Nh5 12. Ng3 Nxg3 13. hxg3 Re8 14. Qh2 Nf8 15.
dxc5 dxc5 16. O-O-O Qc7 17. g4 e5 18. Qf2 Rac8 19. Rd2 b5 20. Rhd1 Ne6 21. Bc2
Nd4 22. Rh1 b4 23. Nb1 Qa5 24. a3 Ne6 25. axb4 cxb4 26. Bb6 Qb5 27. cxb4 Qxb4
28. Be3 Nd4 29. Nc3 Bc6 30. Qh2 Nxf3 31. Qxh7+ Kf8 32. Rf2 Bxe4 33. Rhf1 Rxc3
34. bxc3 Qxc3 35. Bc5+ Qxc5 36. Re2 Qa3+ 0-1

[Event "6. Raiffeisen Open - B"]
[Site "Aschach"]
[Date "1997.12.31"]
[Round "7"]
[White "Wolfram, Bernd"]
[Black "Palmerio, Celestin"]
[Result "0-1"]
[WhiteElo "1836"]
[BlackElo "1889"]
[PlyCount "38"]
[EventDate "1997.??.??"]
[Source "Union Hartkirch"]
[SourceDate "1998.01.01"]

1. e4 e5 2. Nf3 Nc6 3. Bb5 f5 4. exf5 e4 5. Qe2 Qe7 6. Bxc6 dxc6 7. Nd4 Qe5 8.
Ne6 Bxe6 9. fxe6 Bd6 10. Nc3 Nf6 11. g3 O-O-O 12. O-O Rde8 13. d3 exd3 14. Qxd3
Qxe6 15. Bg5 Ng4 16. Qd4 Qf5 17. Bd2 Ne5 18. g4 Nxg4 19. Qxa7 Qf3 0-1

[Event "6. Raiffeisen Open - B"]
[Site "Aschach"]
[Date "1997.12.31"]
[Round "7"]
[White "Wiesinger, Wolfgang"]
[Black "Hahn, Winfried"]
[Result "1/2-1/2"]
[WhiteElo "1586"]
[BlackElo "1898"]
[PlyCount "72"]
[EventDate "1997.??.??"]
[Source "Union Hartkirch"]
[SourceDate "1998.01.01"]

1. e4 e6 2. Nc3 d5 3. d3 c5 4. f4 Nc6 5. Nf3 Nf6 6. g3 Be7 7. Bg2 Qc7 8. O-O a6
9. a4 b6 10. Ne1 d4 11. Ne2 e5 12. Nf3 Nd7 13. Bd2 O-O 14. Kh1 Bb7 15. c4 Nb4
16. Nc1 f6 17. f5 Rf7 18. g4 Nf8 19. Rg1 g5 20. Bf1 h6 21. Na2 Nc6 22. h4 Rh7
23. Kg2 Nd7 24. Rh1 Kg7 25. hxg5 hxg5 26. Rxh7+ Kxh7 27. Be2 Rh8 28. Qc2 Kg7
29. Rh1 Qd8 30. Rxh8 Qxh8 31. Qc1 Bc8 32. Qh1 Qxh1+ 33. Kxh1 Kf7 34. Ng1 Ndb8
35. Kg2 Ke8 36. Kf2 Kd7 1/2-1/2

[Event "6. Raiffeisen Open - B"]
[Site "Aschach"]
[Date "1997.12.31"]
[Round "7"]
[White "Juricevic, Ante"]
[Black "Pracherstorfer, Christian"]
[Result "0-1"]
[WhiteElo "1794"]
[BlackElo "1910"]
[PlyCount "75"]
[EventDate "1997.??.??"]
[Source "Union Hartkirch"]
[SourceDate "1998.01.01"]

1. e4 c5 2. Nf3 e6 3. d4 cxd4 4. Nxd4 a6 5. Nc3 Qc7 6. a4 Nf6 7. Be2 Bb4 8. Qd3
Nxe4 9. Qxe4 Bxc3+ 10. Kf1 d5 11. Qg4 Bxd4 12. Qxd4 O-O 13. Bf4 Qe7 14. Ra3 Nc6
15. Qd2 e5 16. Bg5 f6 17. Bh4 Be6 18. g4 e4 19. f3 Ne5 20. fxe4 dxe4 21. h3
Rfd8 22. Qc3 Qf7 23. Kg1 Rac8 24. Qa5 Qc7 25. Qxc7 Rxc7 26. c3 Rd2 27. Kf1 Rxb2
28. Rh2 Nf3 29. Bxf3 Rxh2 30. Bg2 Rd7 31. Kg1 Rxg2+ 32. Kxg2 Rd2+ 33. Kg1 Bd5
34. Be1 Rc2 35. Ra1 Bc6 36. Rd1 e3 37. Rd8+ Kf7 38. Kf1 0-1